000
00331 a2200157 4500
001
162634
020
_a
040
_c
Magnum
100
_a
Barro, João de
240
1
0
_a
A formiguinha e a neve
_l
por
245
1
0
_a
A formiguinha e a neve
362
0
_a
1899
440
1
_a
Moderna
697
_a
LITERATURA INFANTO
942
_c
BK
999
_c
162634
_d
162634